| 000 | 00386pab a2200157 454500 | ||
|---|---|---|---|
| 008 | 180718b1997 xxu||||| |||| 00| 0 eng d | ||
| 100 | _aAmarjeet Singh | ||
| 245 | _aDelhi as a world hertitage city | ||
| 260 | _c1997 | ||
| 300 | _ap.31-32 | ||
| 362 | _a19 Apr | ||
| 650 | _aCities and towns - India - Delhi | ||
| 650 | _aUrban development | ||
| 773 | _aMainstream | ||
| 909 | _a33854 | ||
| 999 |
_c33854 _d33854 |
||